000 00718nam a2200229 u 4500
005 20240924070349.0
008 121107s2003 es r 000 0 spa d
020 _a8426437338
035 _aUPN01000188205
049 _aI
050 4 _aPR4611 A3
_bA4.8g 2003
100 1 _aCarroll, Lewis,
_d1832-1898
245 1 0 _aAlicia en el país de las maravillas /
_cLewis Carroll ; il. Helen Oxenbury ; tr. Humpty Dumpty.
250 _a3a ed.
260 _aBarcelona [Esp.] :
_bLumen,
_c2003.
300 _a206 p. :
_bil. col.
534 _pTítulo original:
_tAlices adventures in wonderland
650 0 _aLiteratura infantil inglesa
_911046
650 0 _aFantasía
_911180
905 _aInfantil
999 _c160308
_d160308